000 01896nam a22002897a 4500
005 20120508145742.0
010 _aB-457981-985 B-477225
020 _a9788171888887
_c195.00
035 _aB-457981-985 B-477225
037 _adpl
_bK.K.PUB/Ven
082 _a954.16
245 _aDelhi :
_cedited by Malvika Singh
_bthe First City /
260 _aNew Delhi
_bAcademic Foundation
_c2011
270 _a4772/23 Bharat Ram Road Darya Ganj
_bNew Delhi
_e110002
_k23245005
300 _a98p.
_c20cm (pbk)
700 _aSingh, Malvika
_946702
710 _aSingh, Malvika
_946667
942 _2ddc
_cEN
_mDEL
_h954.16
999 _c66336
_d66336